Cryptography and network security : (Record no. 18278)
[ view plain ]
| 000 -LEADER | |
|---|---|
| fixed length control field | 00824cam a22002532 4500 |
| 001 - CONTROL NUMBER | |
| control field | 0000019191 |
| 003 - CONTROL NUMBER IDENTIFIER | |
| control field | OSt |
| 005 - DATE AND TIME OF LATEST TRANSACTION | |
| control field | 20200317094422.0 |
| 008 - FIXED-LENGTH DATA ELEMENTS--GENERAL INFORMATION | |
| fixed length control field | 101019s xx 000 0 eng d |
| 020 ## - INTERNATIONAL STANDARD BOOK NUMBER | |
| International Standard Book Number | 01292158587 |
| 040 ## - CATALOGING SOURCE | |
| Original cataloging agency | KABU |
| Transcribing agency | KABU |
| 050 #0 - LIBRARY OF CONGRESS CALL NUMBER | |
| Classification number | TK5105.59 |
| Item number | .S73 2017 c. 1 |
| 100 1# - MAIN ENTRY--PERSONAL NAME | |
| Personal name | Stallings, William. |
| 245 10 - TITLE STATEMENT | |
| Title | Cryptography and network security : |
| Remainder of title | principles and practice / |
| Statement of responsibility, etc. | William Stallings. |
| 250 ## - EDITION STATEMENT | |
| Edition statement | 7th ed. |
| Remainder of edition statement | Global edition |
| 260 ## - PUBLICATION, DISTRIBUTION, ETC. (IMPRINT) | |
| Place of publication, distribution, etc. | Boston : |
| Name of publisher, distributor, etc. | Pearson |
| Date of publication, distribution, etc. | 2017 |
| 300 ## - PHYSICAL DESCRIPTION | |
| Extent | 766 p. |
| 650 #0 - SUBJECT ADDED ENTRY--TOPICAL TERM | |
| Topical term or geographic name as entry element | Computer networks |
| General subdivision | Security measures. |
| 650 #0 - SUBJECT ADDED ENTRY--TOPICAL TERM | |
| Topical term or geographic name as entry element | Cryptography. |
| 908 ## - PUT COMMAND PARAMETER (RLIN) | |
| Put command parameter | 101019 |
| 942 ## - ADDED ENTRY ELEMENTS (KOHA) | |
| Source of classification or shelving scheme | Library of Congress Classification |
| Koha item type | General Collection |
| Classification part | TK5105.59 |
| Item part | .S73 2017 c. 1 |
| Withdrawn status | Lost status | Source of classification or shelving scheme | Not for loan | Home library | Current library | Date acquired | Cost, normal purchase price | Total Checkouts | Full call number | Barcode | Date last seen | Copy number | Price effective from | Koha item type | Total Renewals | Date last checked out |
|---|---|---|---|---|---|---|---|---|---|---|---|---|---|---|---|---|
| Library of Congress Classification | Kabarak, Main Campus | Kabarak, Main Campus | 17/03/2020 | 4982.52 | TK5105.59 .S73 2017 c. 1 | 028484 | 17/03/2020 | c. 1 | 17/03/2020 | General Collection | ||||||
| Library of Congress Classification | Kabarak, Main Campus | Kabarak, Main Campus | 17/03/2020 | 4982.52 | 2 | TK5105.59 .S73 2017 c. 2 | 028485 | 07/09/2023 | c. 2 | 17/03/2020 | General Collection | 1 | 27/06/2023 | |||
| Library of Congress Classification | Kabarak, Main Campus | Kabarak, Main Campus | 17/03/2020 | 4982.52 | 2 | TK5105.59 .S73 2017 c. 3 | 028486 | 03/03/2023 | c. 3 | 17/03/2020 | General Collection | 16/02/2023 |